00521 2200193 4500001002100000005001700021035002400038040001200062090002500074245007200099250001100171260002900182300002800211650002800239850001200267990001600279990001600295990001600311YOGYA00000000009661720141015101454.0 0010-081400000096334 aYOPDYOG aNus 398.209598 Erw R aRangkuman 100 Cerita Rakyat IndonesiacIrwan Rouf dan Shenia Ananda aCet. 1 aJakartabAnak Kitac2013 a124 hlm.bilus.c23 cm. aCerita rakyat Indonesia aYOPDYOG a747-PD/B.13 a746-PD/B.13 a745-PD/B.13